India tea : (Record no. 126889)

MARC details
000 -LEADER
fixed length control field 00614nam a22002177a 4500
005 - DATE AND TIME OF LATEST TRANSACTION
control field 20170124110016.0
010 ## - LIBRARY OF CONGRESS CONTROL NUMBER
LC control number 721419
020 ## - INTERNATIONAL STANDARD BOOK NUMBER
Terms of availability 00.00
035 ## - SYSTEM CONTROL NUMBER
System control number 721419
037 ## - SOURCE OF ACQUISITION
Source of stock number/acquisition Cen Lib/Ret
040 ## - CATALOGING SOURCE
Original cataloging agency DPL
Language of cataloging EN
082 ## - DEWEY DECIMAL CLASSIFICATION NUMBER
Classification number 338.170954
Item number MAN
100 ## - MAIN ENTRY--PERSONAL NAME
Personal name Manoharan, S.
9 (RLIN) 18763
245 ## - TITLE STATEMENT
Title India tea :
Statement of responsibility, etc by S. Manoharan
Remainder of title a strategy for development /
260 ## - PUBLICATION, DISTRIBUTION, ETC. (IMPRINT)
Place of publication, distribution, etc New Delhi
Name of publisher, distributor, etc S. Chand
Date of publication, distribution, etc 1974
270 ## - ADDRESS
City New Delhi
Address Ram Nagar
Postal code 110055
300 ## - PHYSICAL DESCRIPTION
Extent ix,157p.
Dimensions 21cm(Hb)
650 ## - SUBJECT ADDED ENTRY--TOPICAL TERM
Topical term or geographic name as entry element Financial structure
9 (RLIN) 18764
650 ## - SUBJECT ADDED ENTRY--TOPICAL TERM
Topical term or geographic name as entry element Tea economy
9 (RLIN) 18765
942 ## - ADDED ENTRY ELEMENTS (KOHA)
Source of classification or shelving scheme Dewey Decimal Classification
Koha item type English Books
Classification part 338.170954
Call number suffix MAN
Holdings
Withdrawn status Lost status Damaged status Not for loan Home library Current library Date acquired Source of acquisition Cost, normal purchase price Total Checkouts Full call number Barcode Date last seen Copy number Cost, replacement price Price effective from Koha item type Public note
Written off       Central Library Central Library 26/06/2015 Cen Lib/Ret 0.00   338.170954 MAN 721419 26/06/2015 1 0.00 26/06/2015 English Books W/d list no. 6836/6

© Delhi Public Library
Hit Counter
free hit counter